| 000 | 00864nam a2200241 a 4500 | ||
|---|---|---|---|
| 001 | 65359 | ||
| 003 | BD-RjUL | ||
| 005 | 20211209081419.0 | ||
| 008 | 170305s1961 ii |||| |||| 00| 0 ben d | ||
| 020 | _cTk. 2.00 | ||
| 035 | _a(BD-RjUL)65489 | ||
| 040 |
_aBD-RjUL _bben _cBD-RjUL _dBD-RjUL |
||
| 041 | _aben | ||
| 082 |
_223 _a822.33 _bSHJ 1961 |
||
| 100 |
_aশেকসপীয়র, উইলিয়াম _9177242 |
||
| 245 |
_aজুলিয়াস সীজার / _cউইলিয়াম শেকসপীয়র, |
||
| 260 |
_aকলকাতা : _bবিশ্বাস পাবলিশিং হাউস, _c১৯৬১ |
||
| 300 |
_a১০৫ পৃ. ; _c২১ সেমি |
||
| 650 |
_aইংরেজী নাটক _9182973 |
||
| 650 |
_aEnglish Drama _9204342 |
||
| 700 |
_aগুহ, অশোক _9179257 |
||
| 942 |
_2ddc _cBK |
||
| 999 |
_c65359 _d65359 |
||